| 000 | 00629nam a2200253 a 4500 | ||
|---|---|---|---|
| 001 | nice12345678 | ||
| 003 | IN_TiNIC | ||
| 005 | 20260116012744.0 | ||
| 008 | 050524s1990 lona grp 000 0 eng | ||
| 020 |
_a0190679 _c100 |
||
| 082 | 0 | 0 |
_a262.14 _bCOL |
| 100 | _aCollins, John N | ||
| 245 |
_aDiakonia _b Re-Interpreting the Ancient Sources |
||
| 260 |
_aLondan _bOxford University Press _c1990 |
||
| 300 | _a368p | ||
| 500 | _aincludes index and biblioraphy | ||
| 505 | 2 | _aIndex | |
| 650 | _aClergy | ||
| 650 | _aTheology | ||
| 700 | 1 | _aCollins, John N | |
| 902 | _bSRS | ||
| 942 | _cBK | ||
| 999 |
_c8247 _d8247 |
||